Climate and economic development in the tropics (Record no. 19618)

MARC details
000 -LEADER
fixed length control field 00291nam a2200109Ia 4500
082 ## - DEWEY DECIMAL CLASSIFICATION NUMBER
Classification number 330.34
Item number LEE
100 ## - MAIN ENTRY--AUTHOR NAME
Personal name LEE, Douglas H K
245 #0 - TITLE STATEMENT
Title Climate and economic development in the tropics
260 ## - PUBLICATION, DISTRIBUTION, ETC. (IMPRINT)
Place of publication New York
Name of publisher Harper
Year of publication 1957
942 ## - ADDED ENTRY ELEMENTS (KOHA)
Koha item type Books
Holdings
Withdrawn status Lost status Damaged status Not for loan Home library Current library Date acquired Full call number Accession Number Koha item type
        RRII Library RRII Library 16/12/2021 330.34 LEE 00351 Books